| 000 | 00758nam a22002057a 4500 | ||
|---|---|---|---|
| 008 | 131021t mx ||||| |||| 00| 0 spa d | ||
| 020 | _a8423126870 | ||
| 050 | 0 | 4 |
_aML50 .U47 _bV47 1981 |
| 245 | 1 | 3 |
_aDon Carlo / _bLibreto de Joseph Mery y Camille du Locle, en versión italiana de Achille de Lauzieres y Angelo Zanardini ; Traducción, estudio y comentarios: Roger Alier |
| 250 | _a1a ed. | ||
| 260 |
_aMadrid : _bEdiciones Daimon, Manuel Tamayo, _c1981 |
||
| 300 |
_a141 p . ; _c19 cm. |
||
| 440 | 0 | _aIntroducción al mundo de la opera | |
| 504 | _aIncluye discografia e índice | ||
| 650 | 4 |
_aOpera _xIntroducción |
|
| 700 | 1 |
_aMery, Joseph _qlib. |
|
| 700 | 1 |
_aLocle, Camille du, _qlib. |
|
| 700 | 1 |
_aAlier, Roger, _qtr. |
|
| 942 |
_2lcc _cLIB |
||
| 999 |
_c43582 _d43582 |
||